000 00295nam a2200121 a 4500
008 101022s1966|||| d
100 1 _aIvanovič-Kuprin, Alexander
245 1 0 _aJama
041 _aslo
044 _axo
_cSK
260 _bSlovenský spisovateľ
_aBratislava
_c1966
020 _c11,50
999 _c12049
_d12049